MUHAMMAD The prophet (Record no. 185529)
[ view plain ]
| 000 -LEADER | |
|---|---|
| fixed length control field | 00564 a2200169 4500 |
| 003 - CONTROL NUMBER IDENTIFIER | |
| control field | Nust |
| 005 - DATE AND TIME OF LATEST TRANSACTION | |
| control field | 20230221090525.0 |
| 040 ## - CATALOGING SOURCE | |
| Transcribing agency | Nust |
| 082 ## - DEWEY DECIMAL CLASSIFICATION NUMBER | |
| Classification number | 297.63, ALI |
| 100 ## - MAIN ENTRY--PERSONAL NAME | |
| Personal name | Ali,Maulana Muhammad |
| 9 (RLIN) | 109269 |
| 245 ## - TITLE STATEMENT | |
| Title | MUHAMMAD The prophet |
| Statement of responsibility, etc. | Maulana Muhammad |
| 260 ## - PUBLICATION, DISTRIBUTION, ETC. | |
| Place of publication, distribution, etc. | Lahore |
| Name of publisher, distributor, etc. | Ahmadiyyah Anjuman Islam |
| 300 ## - PHYSICAL DESCRIPTION | |
| Extent | 286:p |
| 505 ## - FORMATTED CONTENTS NOTE | |
| Formatted contents note | Arabs Life (Page-1), Prophet Birth (Page-36), Islam (Page-40),Makkah Period (Page-84), Battles (Page-108), Marriages (Page-237), Prophets Moral And Manners (Page-255). |
| 650 ## - SUBJECT ADDED ENTRY--TOPICAL TERM | |
| Topical term or geographic name entry element | MUHAMMAD |
| 9 (RLIN) | 109270 |
| 942 ## - ADDED ENTRY ELEMENTS (KOHA) | |
| Source of classification or shelving scheme | |
| Koha item type | Book |
| Withdrawn status | Lost status | Source of classification or shelving scheme | Damaged status | Not for loan | Permanent Location | Current Location | Shelving location | Date acquired | Full call number | Barcode | Date last seen | Price effective from | Koha item type | Public note |
|---|---|---|---|---|---|---|---|---|---|---|---|---|---|---|
| Military College of Signals (MCS) | Military College of Signals (MCS) | General Stacks | 12/12/2016 | 297.63,ALI | MCS29613 | 12/08/2016 | 12/12/2016 | Book | Almirah No.47, Shelf No.5 |
